Leonora Speyer papers, (Record no. 41926)
[ view plain ]
| 000 -LEADER | |
|---|---|
| fixed length control field | 01160cpcaa2200277 a 4500 |
| 001 - CONTROL NUMBER | |
| control field | mm 79005566 |
| 003 - CONTROL NUMBER IDENTIFIER | |
| control field | DLC |
| 005 - DATE AND TIME OF LATEST TRANSACTION | |
| control field | 20260227111651.0 |
| 008 - FIXED-LENGTH DATA ELEMENTS--GENERAL INFORMATION | |
| fixed length control field | 791217|||||||||||| eng |
| 010 ## - LIBRARY OF CONGRESS CONTROL NUMBER | |
| LC control number | mm 79005566 |
| 040 ## - CATALOGING SOURCE | |
| Original cataloging agency | DLC |
| Transcribing agency | DLC |
| Description conventions | dacs |
| Modifying agency | DLC |
| 072 #7 - SUBJECT CATEGORY CODE | |
| Subject category code | L |
| Source | lcmd |
| 100 1# - MAIN ENTRY--PERSONAL NAME | |
| Personal name | Speyer, Leonora, |
| Dates associated with a name | 1872-1956. |
| 245 00 - TITLE STATEMENT | |
| Title | Leonora Speyer papers, |
| Inclusive dates | 1917-1941. |
| 300 ## - PHYSICAL DESCRIPTION | |
| Extent | 21 |
| Type of unit | items. |
| 506 0# - RESTRICTIONS ON ACCESS NOTE | |
| Terms governing access | Open to research. |
| 520 8# - SUMMARY, ETC. | |
| Summary, etc. | Nineteen poems (1917-1941) composed and handcopied by Speyer, printed version of her poem, "The Saint Gaudens Statue" (1921), and ALS (no year July 3) written by Speyer relating to the selection of the poems. |
| 545 0# - BIOGRAPHICAL OR HISTORICAL DATA | |
| Biographical or historical data | Poet and author. Born Leonora von Stosch; married Edgar Speyer. |
| 546 ## - LANGUAGE NOTE | |
| Language note | Collection material in English. |
| 580 ## - LINKING ENTRY COMPLEXITY NOTE | |
| Linking entry complexity note | Forms part of: Miscellaneous Manuscripts collection. |
| 650 #0 - SUBJECT ADDED ENTRY--TOPICAL TERM | |
| Topical term or geographic name entry element | American poetry |
| Chronological subdivision | 20th century. |
| 656 #7 - INDEX TERM--OCCUPATION | |
| Occupation | Authors. |
| Source of term | itoamc |
| 656 #7 - INDEX TERM--OCCUPATION | |
| Occupation | Poets. |
| Source of term | itoamc |
No items available.